Tests estadísticos para psicología
में बचाया:
| मुख्य लेखकों: | , |
|---|---|
| स्वरूप: | पुस्तक |
| भाषा: | स्पेनिश |
| प्रकाशित: |
Madrid
McGraw-Hill
2006
|
| संस्करण: | 3a. ed |
| विषय: | |
| टैग: |
टैग जोड़ें
कोई टैग नहीं, इस रिकॉर्ड को टैग करने वाले पहले व्यक्ति बनें!
|
MARC
| LEADER | 00000nam a2200000 a 4500 | ||
|---|---|---|---|
| 001 | UCI2526 | ||
| 003 | CL-VaPUC | ||
| 008 | 070824e20060000SP |||||||||||||||||spa|d | ||
| 020 | |a 8448146379 | ||
| 082 | 0 | 4 | |a 150 |b GRE |2 21 |
| 100 | |a Greene, Judith |e author |9 523531 | ||
| 700 | 0 | |a D'Oliveira, Manuela |e author |9 523532 | |
| 245 | 1 | 0 | |a Tests estadísticos para psicología |
| 250 | |a 3a. ed | ||
| 300 | |a 237 p | ||
| 942 | |c BK | ||
| 945 | |d 20070824 00:00:00 |a jtorresc | ||
| 260 | |a Madrid |b McGraw-Hill |c 2006 | ||
| 650 | 0 | |a Psicología |9 257863 | |
| 650 | 0 | |a Métodos estadísticos |9 259407 | |
| 583 | |a last modification |c 20111003 04:39:26 |k Rodrigo Vera | ||
| 999 | |c 327040 |d 327038 | ||
| 952 | |0 0 |1 0 |4 0 |6 150_000000000000000_GRE_2006 |7 0 |8 A |9 409421 |a BIBEDU |b BIBEDU |d 2019-11-22 |i 4366182 |o 150 GRE 2006 |p 4366182 |r 2019-11-22 |w 2019-11-22 |y BK |k PSI | ||